Statistiques concernant Associez la ville au bon pays du Benelux

Cliquez ici pour prendre le quiz!

Statistiques générales

  • Ce quiz a été pris 75 fois
  • Le résultat moyen est 59 sur 100

Statistiques - réponses

HintRéponse% Correct
BrugesBelgique
86%
LouvainBelgique
85%
TournaiBelgique
84%
LiègeBelgique
84%
BruxellesBelgique
82%
CharleroiBelgique
82%
NamurBelgique
81%
CourtraiBelgique
80%
DinantBelgique
80%
GandBelgique
80%
MonsBelgique
80%
AnversBelgique
80%
RotterdamPays-Bas
80%
LuxembourgLuxembourg
78%
La LouvièreBelgique
77%
YpresBelgique
77%
WaterlooBelgique
77%
MouscronBelgique
76%
BastogneBelgique
76%
EindhovenPays-Bas
76%
AmsterdamPays-Bas
76%
WavreBelgique
74%
AlkmaarPays-Bas
73%
MalinesBelgique
72%
ChimayBelgique
72%
Esch-sur-SûreLuxembourg
70%
MaastrichtPays-Bas
70%
HeerlenPays-Bas
70%
HaarlemPays-Bas
70%
ArlonBelgique
69%
VerviersBelgique
69%
GenkBelgique
69%
Saint-NicolasBelgique
69%
UtrechtPays-Bas
69%
WillemstadPays-Bas
68%
HeerenveenPays-Bas
68%
ZoetemeerPays-Bas
68%
ApeldoornPays-Bas
68%
ArlonBelgique
66%
OstendeBelgique
66%
TirlemontBelgique
66%
TermondeBelgique
66%
ZaanstadPays-Bas
65%
GoudaPays-Bas
64%
ArnhemPays-Bas
64%
BrédaPays-Bas
62%
La HayePays-Bas
62%
AmersfoortPays-Bas
62%
Esch-sur-AlzetteLuxembourg
61%
DordrechtPays-Bas
61%
AlostBelgique
59%
NeufchateauBelgique
59%
DudelangeLuxembourg
59%
NieuportBelgique
58%
EupenBelgique
58%
Marche-en-FamenneBelgique
58%
DifferdangeLuxembourg
58%
ZeebrugesBelgique
57%
Knocke-HeistBelgique
55%
GroninguePays-Bas
55%
CoxydeBelgique
54%
BlankenbergeBelgique
54%
AlmerePays-Bas
54%
WinschotenPays-Bas
54%
WaregemBelgique
53%
LeydePays-Bas
53%
PétangeLuxembourg
51%
Berg-op-ZoomPays-Bas
51%
RosendaelPays-Bas
51%
ZwollePays-Bas
51%
EmmenPays-Bas
49%
HasseltBelgique
47%
LarochetteLuxembourg
47%
AlmeloPays-Bas
47%
EnschedePays-Bas
47%
VenloPays-Bas
47%
AssenPays-Bas
46%
NimèguePays-Bas
46%
EchternachLuxembourg
45%
WiltzLuxembourg
45%
MiddelbourgPays-Bas
45%
Mondorf-les-BainsLuxembourg
43%
TroisviergesLuxembourg
43%
AstenPays-Bas
43%
MerschLuxembourg
41%
TilbourgPays-Bas
41%
EttelbruckLuxembourg
39%
EdePays-Bas
39%
SchengenLuxembourg
38%
GrevenmacherLuxembourg
38%
MamerLuxembourg
38%
DiekirchLuxembourg
36%
HerentalsBelgique
35%
ViandenLuxembourg
34%
ClervauxLuxembourg
31%
Bois-le-DucPays-Bas
30%
HelmondPays-Bas
28%
FlessinguePays-Bas
26%
NiederanvenLuxembourg
18%
RuremondePays-Bas
15%

Distribution des résultats

Percentile par nombre de réponses

% des personnes avec chaque résultat

Votre développement - résultats

Vous n’avez pas pris ce quiz